Parametric Modeling with Siemens NX /
Enregistré dans:
| Auteur principal: | |
|---|---|
| Format: | Livre |
| Langue: | anglais |
| Publié: |
Mission
SDC Publications
2020
|
| Édition: | 1. vyd. |
| Collection: | Spring 2020 Edition
|
| Sujets: | |
| Tags: |
Pas de tags, Soyez le premier à ajouter un tag!
|
MARC
| LEADER | 00000nam a22000003a 4500 | ||
|---|---|---|---|
| 001 | 0095368 | ||
| 003 | SK-STU | ||
| 005 | 20220523110612.3 | ||
| 007 | ta | ||
| 008 | 220523s ----xo-----e------000-0-----d | ||
| 020 | |a 978-1-63057-380-5 | ||
| 040 | |a STU |b slo | ||
| 041 | 0 | |a eng | |
| 044 | |a xxu | ||
| 100 | 1 | |a Shih, Randy H. |4 aut | |
| 245 | 1 | 0 | |a Parametric Modeling with Siemens NX / |c aut. Randy H Shih |
| 250 | |a 1. vyd. | ||
| 260 | |a Mission |b SDC Publications |c 2020 | ||
| 300 | |a 506 s. | ||
| 490 | 0 | |a Spring 2020 Edition | |
| 650 | 0 | 7 | |a NX |
| 650 | 0 | 7 | |a kresliace programy |
| 650 | 0 | 7 | |a modelovanie |
| 996 | |b 284M089074 |c M* 14648-1 |l MMKN |s A |a 24 |w 0095368_0001 | ||